Normal view
MARC view
Entry Término temático
001 - NÚMERO DE CONTROL
- campo de control: 155373
003 - IDENTIFICADOR DEL NÚMERO DE CONTROL
- campo de control: CHAP
005 - FECHA Y HORA DE LA ÚLTIMA TRANSACCIÓN
- campo de control: 20250709172632.0
008 - DATOS DE LONGITUD FIJA
- campo de control de longitud fija: 220127|| aca||aabn | a|a d
040 ## - FUENTE DE LA CATALOGACIÓN
- Centro catalogador/agencia de origen: mxchpua
- Centro/agencia transcriptor: CHAP
150 ## - ENCABEZAMIENTO--TÉRMINO DE MATERIA
- Término de materia o nombre geográfico como elemento de entrada: Industria de la grasa y el aceite
- Subdivisión geográfica: México
- Subdivisión geográfica: Baja California Norte
670 ## - FUENTE DE DATOS ENCONTRADOS
- Cita de la fuente: Work cat.: (OSt)174388: Suárez Espinosa, Carlos 110691, Olivarera, L. A. CETTO, S. A. de C. V. /, 2007
